Greek Gods and Goddesses - Statistics

General Stats
  • This quiz has been taken 36 times
  • The average score is 19 of 27
Answer Stats
Hint Answer % Correct
God of the Underworld Hades
100%
God of the Sea Poseidon
100%
King of the Gods Zeus
100%
Goddess of Wisdom Athena
93%
Queen of Gods, Goddess of Marriage Hera
93%
Goddess of Beauty Aphrodite
89%
God of Poetry Apollo
89%
Goddess of the Hunt Artemis
89%
God of Thieves, Messenger God Hermes
89%
God of War Ares
82%
God of Love Eros
79%
God of Wine and Maddness Dionysus
75%
God of the Forge Hephaestus
75%
Goddess of Harvest Demeter
71%
Goddess of Victory Nike
68%
Goddess of Spring Persephone
68%
God of the Sun Helios
64%
Goddess of the Hearth Hestia
64%
God of the Wilderness Pan
61%
God of Death Thanatos
57%
Goddess of Magic and Crossroads Hecate
54%
God of Sleep Hypnos
54%
Goddess of the Rainbow Iris
54%
Goddess of Revenge Nemesis
50%
God of the Dawn Eos
43%
Goddess of the Moon Selene
43%
Goddess of Youth Hebe
39%
No matching quizzes found
Score Distribution
Percent of People with Each Score
Percentile by Number Answered
Your Score History
You have not taken this quiz